| 000 | 00529nam a22001817a 4500 | ||
|---|---|---|---|
| 003 | CEME | ||
| 005 | 20210628202954.0 | ||
| 008 | 210119b xxu||||| |||| 00| 0 eng d | ||
| 020 | _a0-471-23209-2 | ||
| 040 | _c. | ||
| 082 | _a323.448 NAR | ||
| 100 |
_aMarcella, Albert J, Stucki, Carol _962647 |
||
| 245 | _aPrivacy handbook, guidelines, exposures, policy implementation, and international issues | ||
| 260 |
_aNEW YORK _bJOHN WILEY _c2003 |
||
| 300 | _aXXXV,357 P | ||
| 650 |
_aPRIVACY HANDBOOK. _962648 |
||
| 942 |
_cBK _2ddc |
||
| 999 |
_c571694 _d571694 |
||